| 000 | 00696nam a22001817a 4500 | ||
|---|---|---|---|
| 003 | BD-DhUL | ||
| 005 | 20160920145948.0 | ||
| 008 | 160920s2002 bg a|||| |||| 00| 0 ben d | ||
| 040 |
_aBD-DhUL _cBD-DhUL |
||
| 082 |
_a954.92 _bEKA |
||
| 245 | 0 | 0 |
_a’৭১ মুক্তিযুদ্ধ বাংলাদেশ এ্যালবাম / _cজাকারীয়া পিন্টু |
| 300 |
_a১৩৬ পৃ. : _b চিত্র ; _c২৫ সেমি. |
||
| 365 |
_aBDT _b400 |
||
| 651 | 0 |
_aবাংলাদেশ _xইতিহাস |
|
| 651 | 0 |
_aBangladesh _xHistory |
|
| 700 | 1 |
_aপিন্টু, জাকারীয়া _eসম্পাদনা |
|
| 942 |
_2ddc _cBK |
||
| 999 |
_c105122 _d105122 |
||